Loading...
| History - World | 1 | 1 | 1 | 1 | 20 | 28 | 72.00 | 0 | 2 | 9.11 | 12.50 |
| History - Other | 0 | 1 | 0 | 0 | 10 | 79 | 79.00 | 0 | 1 | 20.74 | 31.25 |
| Science - Chemistry | 0 | 1 | 0 | 0 | 10 | 87 | 87.00 | 0 | 1 | 3.50 | 6.94 |
| Fine Arts - Other | 0 | 1 | 0 | 1 | 10 | 145 | 145.00 | 0 | 0 | 0.08 | 1.39 |
| Literature - European | 0 | 1 | 0 | 1 | 10 | 140 | 140.00 | 0 | 0 | 0.08 | 2.78 |
| Literature - World | 0 | 1 | 0 | 0 | 10 | 109 | 109.00 | 0 | 0 | 3.45 | 2.78 |
| Fine Arts - Painting and Sculpture | 0 | 1 | 0 | 0 | 10 | 133 | 133.00 | 0 | 0 | 0.48 | 1.39 |
| Other Academic | 0 | 0 | 0 | 0 | 0 | 0.00 | 0 | 0 | 0.00 | 0.00 | |
| Science - Other | 0 | 0 | 1 | 0 | -5 | 0.00 | 0 | 0 | 0.00 | 0.00 | |
| History - Ancient/Other | 0 | 0 | 1 | 0 | -5 | 0.00 | 0 | 0 | 0.00 | 0.00 | |
| History - European | 0 | 0 | 1 | 0 | -5 | 0.00 | 0 | 0 | 0.00 | 0.00 | |
| Literature - American | 0 | 0 | 1 | 0 | -5 | 0.00 | 0 | 0 | 0.00 | 0.00 | |
| Mathematics | 0 | 0 | 1 | 0 | -5 | 0.00 | 0 | 0 | 0.00 | 0.00 |